000 01065cam a2200325 a 4500
999 _c28827
_d28798
001 4793831
003 EG-ScBUE
005 20200926111713.0
008 880202t1986 enka f b 001 0 eng d
020 _a0566026058
020 _a9780566026058
040 _aDLC
_beng
_erda
_cDLC
_dDLC
_dEG-ScBUE
043 _an-us---
082 0 4 _a658.402
_bADA
_222
100 1 _aAdair, John Eric,
_d1934-
_eauthor.
_936534
245 1 0 _aEffective teambuilding /
_cJohn Adair.
264 1 _aHants, England :
_bGower Publishing Company Limited,
_c[1986]
264 4 _cc1986
300 _aviii, 212 pages :
_billustrations ;
_c23 cm
336 _2rdacontent
_atext
_btxt
337 _2rdamedia
_aunmediated
_bn
338 _2rdacarrier
_avolume
_bnc
504 _aIncludes bibliographical references and index.
650 7 _aTeams in the workplace.
_2BUEsh
650 7 _aManagement
_xEmployee participation
_zUnited States.
_2BUEsh
653 _bBUSADM
_cSeptember2020
655 _vReading book
_934232
906 _a7
_bcbc
_corignew
_d3
_encip
_f19
_gy-gencatlg
942 _2ddc
_cBB